Co bylo dřív?-vynálezy - Statistics

General Stats
  • This quiz has been taken 71 times
  • The average score is 4 of 8
Answer Stats
Question Answer % Correct
Co bylo dřív? Televizní přenos
71%
Co bylo dřív? Transplantsce ledviny
69%
Co bylo dřív? Parní lokomotiva
60%
Co bylo dřív? Papír
54%
Co bylo dřív? Vzducholoď
42%
Co bylo dřív? Výdejní automat
38%
Co bylo dřív? Elektrická tramvaj
27%
Co bylo dřív? Elektrické auto
21%
No matching quizzes found
Score Distribution
Percent of People with Each Score
Percentile by Number Answered
Your Score History
You have not taken this quiz